书目信息 |
| 题名: |
探寻中华文化之美
|
|
| 作者: | 郭月琴 , 杨洁 , 孙继平 著 | |
| 分册: | 品味酒文化 | |
| 出版信息: | 北京 新华出版社 2024.01 |
|
| 页数: | 216页 | |
| 开本: | 24cm | |
| 丛书名: | ||
| 单 册: | ||
| 中图分类: | K203 | |
| 科图分类: | ||
| 主题词: | 中华文化--介绍 , 酒文化--研究--中国 | |
| 电子资源: | ||
| ISBN: | 978-7-5166-6717-0 | |
| 000 | 00921nam0 2200265 450 | |
| 001 | 012465287 | |
| 005 | 20251022201253.39 | |
| 010 | @a978-7-5166-6717-0@dCNY86.00 | |
| 100 | @a20240308d2024 em y0chiy0120 ea | |
| 101 | 0 | @achi |
| 102 | @aCN@b110000 | |
| 105 | @aa z 000yy | |
| 106 | @ar | |
| 200 | 1 | @a探寻中华文化之美@9tan xun zhong hua wen hua zhi mei@i品味酒文化@f郭月琴,杨洁,孙继平著 |
| 210 | @a北京@c新华出版社@d2024.01 | |
| 215 | @a216页@c彩图,彩照@d24cm | |
| 330 | @a本书从不同的角度和层面对中国酒文化的整体风貌进行了具体的展现。对中国酒文化的源头和历史发展进行梳理,能够更加深刻地认识酒文化;分析不同酒类的风味和感官体验等。 | |
| 606 | 0 | @a中华文化@x介绍 |
| 606 | 0 | @a酒文化@x研究@y中国 |
| 690 | @aK203@v5 | |
| 701 | 0 | @a郭月琴@9guo yue qin@4著 |
| 701 | 0 | @a杨洁@9yang jie@4著 |
| 701 | 0 | @a孙继平@9sun ji ping@4著 |
| 801 | 0 | @aCN@c20250910 |
| 905 | @a河南城建学院图书馆@dK203@eG865@ZG865@f1 | |
| 探寻中华文化之美.品味酒文化/郭月琴,杨洁,孙继平著.-北京:新华出版社,2024.01 |
| 216页:彩图,彩照;24cm |
| ISBN 978-7-5166-6717-0:CNY86.00 |
| 本书从不同的角度和层面对中国酒文化的整体风貌进行了具体的展现。对中国酒文化的源头和历史发展进行梳理,能够更加深刻地认识酒文化;分析不同酒类的风味和感官体验等。 |
| ● |
| 相关链接 |
|
|
|
正题名:探寻中华文化之美
索取号:K203/G865
 
预约/预借
| 序号 | 登录号 | 条形码 | 馆藏地/架位号 | 状态 | 备注 |
| 1 | 1635192 | 216351926 | 社科库309/309社科库 105排6列4层/ [索取号:K203/G865] | 在馆 |